000 00344nam a2200157Ia 4500
003 OSt
005 20240329163643.0
008 170524s9999 xx 000 0 und d
020 _a1259712354
040 _cIIMTU MEERUT
100 _aCATERORA PHILIP
100 _c2011
245 0 _aINTERNATIONAL MARKETING
260 _aTMH
942 _2ddc
_c02
999 _c2621
_d2621